000 00570cam a22002053a 4500
001 45173
003 PGUSA
005 20140828084031.0
008 140319s2014||||xxu|||||s|||||000 | eng d
040 _aPGUSA
_beng
042 _adc
100 1 _aLang, Andrew,
_d1844-1912
245 1 0 _aBallades and Verses Vain
_h[electronic resource] /
_cAndrew Lang
260 _bProject Gutenberg,
_c2014
506 _aPublic domain in the USA.
516 _aElectronic text
830 0 _aProject Gutenberg
_v45173
856 4 0 _uhttp://www.gutenberg.org/ebooks/45173
942 _cEB
999 _c274424
_d274424